<?xml version="1.0" encoding="UTF-8"?>
<record
    xmlns:xsi="http://www.w3.org/2001/XMLSchema-instance"
    xsi:schemaLocation="http://www.loc.gov/MARC21/slim http://www.loc.gov/standards/marcxml/schema/MARC21slim.xsd"
    xmlns="http://www.loc.gov/MARC21/slim">

  <leader>01887nam a22002657a 4500</leader>
  <datafield tag="952" ind1=" " ind2=" ">
    <subfield code="0">0</subfield>
    <subfield code="1">0</subfield>
    <subfield code="4">0</subfield>
    <subfield code="7">0</subfield>
    <subfield code="a">11</subfield>
    <subfield code="b">11</subfield>
    <subfield code="d">2017-07-24</subfield>
    <subfield code="l">1</subfield>
    <subfield code="o">HF5549.5E5  H6518</subfield>
    <subfield code="p">11 013629</subfield>
    <subfield code="r">2019-01-16</subfield>
    <subfield code="s">2019-01-16</subfield>
    <subfield code="t">1</subfield>
    <subfield code="w">2017-07-24</subfield>
    <subfield code="y">LB</subfield>
  </datafield>
  <datafield tag="952" ind1=" " ind2=" ">
    <subfield code="0">0</subfield>
    <subfield code="1">0</subfield>
    <subfield code="4">0</subfield>
    <subfield code="7">0</subfield>
    <subfield code="a">11</subfield>
    <subfield code="b">11</subfield>
    <subfield code="d">2017-07-24</subfield>
    <subfield code="l">1</subfield>
    <subfield code="o">HF5549.5E5  H6518</subfield>
    <subfield code="p">11 013628</subfield>
    <subfield code="r">2025-03-28</subfield>
    <subfield code="s">2025-03-28</subfield>
    <subfield code="t">2</subfield>
    <subfield code="w">2017-07-24</subfield>
    <subfield code="y">LB</subfield>
  </datafield>
  <datafield tag="952" ind1=" " ind2=" ">
    <subfield code="0">0</subfield>
    <subfield code="1">0</subfield>
    <subfield code="4">0</subfield>
    <subfield code="7">0</subfield>
    <subfield code="a">11</subfield>
    <subfield code="b">11</subfield>
    <subfield code="d">2017-07-24</subfield>
    <subfield code="l">0</subfield>
    <subfield code="o">HF5549.5E5  H6518</subfield>
    <subfield code="p">11 013630</subfield>
    <subfield code="r">2017-07-24</subfield>
    <subfield code="t">3</subfield>
    <subfield code="w">2017-07-24</subfield>
    <subfield code="y">LB</subfield>
  </datafield>
  <datafield tag="999" ind1=" " ind2=" ">
    <subfield code="c">102347</subfield>
    <subfield code="d">102347</subfield>
  </datafield>
  <controlfield tag="008">170724s2002    sp ||||| |||| 00| 0 spa d</controlfield>
  <datafield tag="020" ind1=" " ind2=" ">
    <subfield code="a">844931327</subfield>
  </datafield>
  <datafield tag="050" ind1=" " ind2=" ">
    <subfield code="a">HF5549.5E5 </subfield>
    <subfield code="b">H6518 </subfield>
  </datafield>
  <datafield tag="100" ind1=" " ind2=" ">
    <subfield code="a">Hoffman Edward</subfield>
    <subfield code="d">1951 - </subfield>
    <subfield code="e">autor</subfield>
  </datafield>
  <datafield tag="240" ind1="1" ind2="0">
    <subfield code="a">Psychological testing at work</subfield>
    <subfield code="l">Espa&#xF1;ol</subfield>
  </datafield>
  <datafield tag="245" ind1=" " ind2=" ">
    <subfield code="a">Tests psicol&#xF3;gicos </subfield>
    <subfield code="b">: aprende a utilizar, interpretar y sacar el mejor partido de los tests de personalidad, las aptitudes y los estilos de aprendizaje </subfield>
    <subfield code="c">/ Edward Hoffman ; traducci&#xF3;n de Roc Filella Escol&#xE0;</subfield>
  </datafield>
  <datafield tag="260" ind1=" " ind2=" ">
    <subfield code="a">Espa&#xF1;a</subfield>
    <subfield code="b">: Paid&#xF3;s</subfield>
    <subfield code="c">, 2002</subfield>
  </datafield>
  <datafield tag="300" ind1=" " ind2=" ">
    <subfield code="a">244 p&#xE1;ginas</subfield>
  </datafield>
  <datafield tag="490" ind1=" " ind2=" ">
    <subfield code="a">Paid&#xF3;s Saberes cotidianos </subfield>
    <subfield code="v">; 36</subfield>
  </datafield>
  <datafield tag="500" ind1=" " ind2=" ">
    <subfield code="a">Traducci&#xF3;n de: Psychological testing at work</subfield>
  </datafield>
  <datafield tag="500" ind1=" " ind2=" ">
    <subfield code="a">Incluye Agradecimientos (pp.11-12), Prefacio (pp.13-15), Glosario (pp.211-215-), &#xCD;ndice de tests psicol&#xF3;gicos (pp.233-235), &#xED;ndice an&#xE1;litico y de nombres (pp.237 - 244)</subfield>
  </datafield>
  <datafield tag="504" ind1=" " ind2=" ">
    <subfield code="a">Bibliograf&#xED;a (pp. 217-231) </subfield>
  </datafield>
  <datafield tag="505" ind1=" " ind2=" ">
    <subfield code="a">La actual eclosi&#xF3;n de las pruebas psicol&#xF3;gicas  
&#xBF;Qu&#xE9; es la personalidad?  
Breve historia de los test profesionales  
C&#xF3;mo se dise&#xF1;an los tests  
Los biodatos: &#xBF;contratar&#xED;a usted a un entusiasta piloto de ala delta?  
&#xBF;Cu&#xE1;l es su tipo? El indicador de tipos Myers-Briggs  
Emulando a Di&#xF3;genes: En busca de la integridad  
Medici&#xF3;n de la inteligencia emocional y el estr&#xE9;s  
&#xBF;Utilizamos nuestro estilo de resoluci&#xF3;n de problemas  
La autorrealizaci&#xF3;n: La culminaci&#xF3;n de la personalidad  
La espiritualidad: La nueva frontera  
El camino del liderazgo  
Adaptarse al cambio: empresarios y expratiados  
El proceso de la globalizaci&#xF3;n: La evaluaci&#xF3;n en la Gran China </subfield>
  </datafield>
  <datafield tag="519" ind1=" " ind2=" ">
    <subfield code="a">Material complementario / </subfield>
    <subfield code="b">Psicolog&#xED;a / </subfield>
    <subfield code="d">(11 013628)</subfield>
  </datafield>
  <datafield tag="650" ind1=" " ind2="0">
    <subfield code="a">PRUEBAS DE EMPLEO</subfield>
    <subfield code="x">MANUALES</subfield>
  </datafield>
  <datafield tag="650" ind1=" " ind2="0">
    <subfield code="a">PRUEBAS DE APTITUD OCUPACIONAL</subfield>
  </datafield>
  <datafield tag="650" ind1=" " ind2="0">
    <subfield code="a">PRUEBAS PSICOL&#xD3;GICAS</subfield>
  </datafield>
  <datafield tag="700" ind1=" " ind2=" ">
    <subfield code="a">Roc Filella Escol&#xE0;</subfield>
    <subfield code="e">traductor</subfield>
  </datafield>
  <datafield tag="942" ind1=" " ind2=" ">
    <subfield code="c">LB</subfield>
  </datafield>
</record>
